<?xml version="1.0" encoding="UTF-8"?>
<record
    xmlns:xsi="http://www.w3.org/2001/XMLSchema-instance"
    xsi:schemaLocation="http://www.loc.gov/MARC21/slim http://www.loc.gov/standards/marcxml/schema/MARC21slim.xsd"
    xmlns="http://www.loc.gov/MARC21/slim">

  <leader>00872nam a2200205 i 4500</leader>
  <controlfield tag="001">107543</controlfield>
  <controlfield tag="003">ES-MaACL</controlfield>
  <controlfield tag="005">20250815020950.0</controlfield>
  <controlfield tag="007">t|</controlfield>
  <controlfield tag="008">151015s1923    sp      r    ||||1| spa d</controlfield>
  <datafield tag="100" ind1="1" ind2=" ">
    <subfield code="a">Camino y Orell&#xE1;, Joaqu&#xED;n Antonio del.</subfield>
    <subfield code="9">34083</subfield>
  </datafield>
  <datafield tag="245" ind1="1" ind2="0">
    <subfield code="a">Historia civil, diplom&#xE1;tica, ecles&#xED;astica, antigua y moderna de la ciudad de San Sebasti&#xE1;n </subfield>
    <subfield code="b">: con varias noticias particulares concernientes a la provincia de Guip&#xFA;zcoa. </subfield>
    <subfield code="n">I, </subfield>
    <subfield code="p">Contiene la historia de aquella ciudad en el ramo civil / </subfield>
    <subfield code="c">por Joaqu&#xED;n Antonio de Camino y Orella.</subfield>
  </datafield>
  <datafield tag="260" ind1=" " ind2=" ">
    <subfield code="a">Madrid : </subfield>
    <subfield code="b">[s.n.], </subfield>
    <subfield code="c">1923 (</subfield>
    <subfield code="f">Imp. Vicente Rico)</subfield>
  </datafield>
  <datafield tag="300" ind1=" " ind2=" ">
    <subfield code="a">332 p. ; </subfield>
    <subfield code="c">20.</subfield>
  </datafield>
  <datafield tag="490" ind1="1" ind2=" ">
    <subfield code="a">Biblioteca de Historia Vasca ; </subfield>
    <subfield code="v">7</subfield>
  </datafield>
  <datafield tag="651" ind1=" " ind2="4">
    <subfield code="a">San Sebasti&#xE1;n-</subfield>
    <subfield code="x">Historia.</subfield>
    <subfield code="9">144400</subfield>
  </datafield>
  <datafield tag="830" ind1="0" ind2="0">
    <subfield code="a">Biblioteca de historia vasca</subfield>
    <subfield code="v">7</subfield>
    <subfield code="9">183472</subfield>
  </datafield>
  <datafield tag="852" ind1=" " ind2=" ">
    <subfield code="a">ES-MaACL</subfield>
    <subfield code="j">F-526</subfield>
  </datafield>
  <datafield tag="999" ind1=" " ind2=" ">
    <subfield code="c">107543</subfield>
    <subfield code="d">107543</subfield>
  </datafield>
  <datafield tag="952" ind1=" " ind2=" ">
    <subfield code="0">0</subfield>
    <subfield code="1">0</subfield>
    <subfield code="4">0</subfield>
    <subfield code="7">0</subfield>
    <subfield code="a">ATENEOM</subfield>
    <subfield code="b">ATENEOM</subfield>
    <subfield code="c">DEPO2</subfield>
    <subfield code="d">2015-10-15</subfield>
    <subfield code="e">SC</subfield>
    <subfield code="l">0</subfield>
    <subfield code="o">F-526</subfield>
    <subfield code="p">1194257</subfield>
    <subfield code="r">2023-02-23 00:00:00</subfield>
    <subfield code="w">2023-02-23</subfield>
    <subfield code="y">MONOGRAFIA</subfield>
  </datafield>
</record>
